LEADER 01782nam a2200373 a 4500 001 000000127932 003 CaOOAMICUS 005 20120309145221.0 008 120309s2011 it d u000 u ita r 020 $a978-88-6372-357-1 040 $aPUL$bita 082 04$a282.092 245 03$aLe fatiche di Benedetto XIV :$borigine ed evoluzione dei trattati di Prospero Lambertini (1675-1758) /$ca cura di Maria Teresa Fattori ; prefazione di Carlo Card. Caffarra. 260 $aRoma :$bEdizioni di Storia e Letteratura,$c2011. 300 $aLXVI, 382 p. :$bgrafici ;$c24 cm 490 1 $aTemi e testi ;$v97 500 $aInclude indice. 504 $aBibliografia p. [335]-365. 600 04$aBenedictus PP.$bXIV,$d1675-1758.$0(OLS)http://pul/subject/2279 700 1 $aFattori, Maria Teresa.$0(OLS)http://pul/name/42886 700 1 $aCaffarra, Carlo,$ccard.$0(OLS)http://pul/name/13086 830 0$aTemi e testi (Edizioni di storia e letteratura) ;$v97.$0(OLS)http://pul/title/615 850 $aPUL 852 $aPUL$W1$xSL Religione 3$y85$m282. 092 FATMA 1$j148080$qDDC 21$B146677$CPULBib$Z2$F146677 $H118906 $82 941 1 $a9 960 $aPapi (1740-1758 : Benedictus PP. XIV)$92279 960 $aPapi (1740-1758 : Benedictus PP. XIV)$92279 960 $aBenedetto$bXIV,$cpapa,$d1675-1758$92279 960 $aLambertini, Prospero,$d1675-1758$92279 996 $6020$a978-88-6372-357-1$9(OLS)http://pul/number/149117 996 $6082$a282.092$9(OLS)http://pul/classification/402 996 $6245$aLe fatiche di Benedetto XIV :$borigine ed evoluzione dei trattati di Prospero Lambertini (1675-1758)$9(OLS)http://pul/title/161674 996 $6260$aRoma :$bEdizioni di Storia e Letteratura$9(OLS)http://pul/publisher/48123 LEADER 02121nam a2200421 a 4500 001 000000130167 003 CaOOAMICUS 005 20120914142719.0 008 120914s2005 it aef u000 u ita r 020 $a88-8290-457-1 (v. 1-2) 040 $aPUL$bita 041 1 $aita$aeng$heng 082 04$a704.9 245 03$aLa Cappella degli Scrovegni a Padova = The Scrovegni Chapel in Padua /$ca cura di/edited by Davide Banzato ... [et al.] ; scritti di/text by Giovanna Baldissin Molli ... [et al.] ; fotografie di/photographs by Filippo Bertazzo ... [et al.]. 246 31$aThe Scrovegni Chapel in Padua 260 $aModena :$bFranco Cosimo Panini,$cİ2005. 300 $a2 v. :$bill., piante, tav. ripieg. ;$c32 cm 490 1 $aMirabilia Italiae ;$v13 500 $aInclude indice e riferimenti bibliografici. 500 $aIn cofanetto. 500 $aTesto su due colonne. 505 0 $aV. 1. Testi. -- v. 2. Atlante. 546 $aTesto a fronte in inglese. 610 24$aCappella degli Scrovegni (Padova).$0(OLS)http://pul/subject/8491 700 1 $aBanzato, Davide.$0(OLS)http://pul/name/71856 700 1 $aBaldissin Molli, Giovanna.$0(OLS)http://pul/name/71204 700 1 $aBertazzo, Filippo.$0(OLS)http://pul/name/83380 830 0$aMirabilia Italiae ;$v13.$0(OLS)http://pul/title/138341 850 $aPUL 852 $aPUL$W1$xDP2 Cons. Gen., Altre Classi 3$y97$m704. 9 COLL 1.13.1$j150696$av. 1$qDDC 21$B149259$CPULBib$Z2$F149259 $H118440 $82 852 $aPUL$W1$xDP2 Cons. Gen., Altre Classi 3$y97$m704. 9 COLL 1.13.2$j150697$av. 2$qDDC 21$B149260$CPULBib$Z2$F149260 $H118437 $82 941 1 $a9 996 $6020$a88-8290-457-1 (v. 1-2)$9(OLS)http://pul/number/150503 996 $6082$a704.9$9(OLS)http://pul/classification/595 996 $6246$aThe Scrovegni Chapel in Padua$9(OLS)http://pul/title/164525 996 $6245$aLa Cappella degli Scrovegni a Padova = The Scrovegni Chapel in Padua$9(OLS)http://pul/title/164524 996 $6260$aModena :$bFranco Cosimo Panini$9(OLS)http://pul/publisher/79695